The Norton introduction to literature classroom guide

Salvato in:
Dettagli Bibliografici
Autore principale: BAIN, Carl E.
Natura: Libro
Lingua:inglese
Pubblicazione: W.W. Norton 1981
Tags: Aggiungi Tag
Nessun Tag, puoi essere il primo ad aggiungerne!!

MARC

LEADER 00000nam a22000007a 4500
008 210615b ||||| |||| 00| 0 eng d
020 |a 0-393-95169-6 
100 |a BAIN, Carl E. 
245 |a The Norton introduction to literature  |b classroom guide  |c Carl E. Bain, Jerome Beaty, J. Paul Hunter  |g xvi; 225p. 
250 |b 3rd ed.  
260 |b W.W. Norton  |c 1981  |h New York  |i 681744   |l PN6014 .B16  |m Literature – Collections. 
942 |a lcc  |c BK  |e YUNUSA, A.A.  |f 15/6/21 
952 |0 0  |1 0  |2 lcc  |4 0  |6 PN6014 B16  |7 0  |9 2581  |a HOL  |b HOL  |c LP  |d 2021-06-15  |l 0  |o PN6014 .B16  |p 2021-6431  |r 2021-06-15 00:00:00  |w 2021-06-15  |y BK 
999 |c 1348  |d 1348